Snell's Clinical Anatomy by Region / (Record no. 36755)

MARC details
000 -LEADER
fixed length control field 00521nam a22001817a 4500
005 - DATE AND TIME OF LATEST TRANSACTION
control field 20241105143040.0
008 - FIXED-LENGTH DATA ELEMENTS--GENERAL INFORMATION
fixed length control field 241105b |||||||| |||| 00| 0 eng d
020 ## - INTERNATIONAL STANDARD BOOK NUMBER
ISBN 9781496345646
082 ## - DEWEY DECIMAL CLASSIFICATION NUMBER
Classification number 612
Item number WIN-S
100 ## - MAIN ENTRY--AUTHOR
Author Name Wineski, Lawrence. E
245 ## - TITLE STATEMENT
Title Snell's Clinical Anatomy by Region /
Statement of responsibility, etc. by Lawrence. E Wineski
250 ## - EDITION STATEMENT
Edition statement 10th ed.
260 ## - PUBLICATION, DISTRIBUTION, ETC.
Place of Publication Philadelphia :
Name of publisher, distributor, etc. Wolters Kluwer ;
Date of publication, distribution, etc. 2019.
300 ## - PHYSICAL DESCRIPTION
Pages ix, 804 p. :
500 ## - GENERAL NOTE
General note Include Index.
650 ## - SUBJECT ADDED ENTRY--TOPICAL TERM
Subject / Department Medical / Anatomy
300 ## - PHYSICAL DESCRIPTION
-- ill. ;
-- 28 cm.
952 ## - LOCATION AND ITEM INFORMATION (KOHA)
-- 0
-- 0
952 ## - LOCATION AND ITEM INFORMATION (KOHA)
-- 0
-- 0
952 ## - LOCATION AND ITEM INFORMATION (KOHA)
-- 0
-- 0
Holdings
Lost status Damaged status Collection code Permanent Location Current Location Shelving Location Date acquired Full Call Number Accession No./Barcode Date last seen Copy number item type Koha item type
    Medical Superior Information Resource Center (SIRC) Superior University- Central Library Superior Information Resource Center (SIRC) Superior University- Central Library Anatomy 11/05/2024 612 WIN-S 2019 29726 02/28/2025 1 BOOK BOOK
    Medical Superior Information Resource Center (SIRC) Superior University- Central Library Superior Information Resource Center (SIRC) Superior University- Central Library Anatomy 11/05/2024 612 WIN-S 2019 29727 08/25/2025 2 BOOK BOOK
    Medical Superior Information Resource Center (SIRC) Superior University- Central Library Superior Information Resource Center (SIRC) Superior University- Central Library Anatomy 11/05/2024 612 WIN-S 2019 29728 11/05/2024 3 BOOK BOOK

Powered by Koha